| 000 | 00625nam a22001697a 4500 | ||
|---|---|---|---|
| 020 | _a9788126521524 | ||
| 082 | _a621.4021 BOR | ||
| 100 | _aBorgnakke, C. (Claus) | ||
| 245 | _aFundamentals of thermodynamics | ||
| 250 | _a7th ed. | ||
| 260 |
_aNew Delhi, India _bWiley _c2009 |
||
| 300 |
_axvii, 777 p. _bill. ; |
||
| 500 | _aFirst-4th eds. under title: Fundamentals of classical thermodynamics / Gordon J. Van Wylen. Rev. ed. of: Fundamentals of thermodynamics / Richard E. Sonntag, Claus Borgnakke, Gordon J. Van Wylen. Includes index. | ||
| 650 | _aThermodynamics. | ||
| 700 | _aSonntag, Richard Edwin. | ||
| 942 | _cBK | ||
| 999 |
_c12471 _d12471 |
||